| 000 | 00698nam a2200229 a 4500 | ||
|---|---|---|---|
| 008 | |||
| 020 | _a0387951318 (hbk.) | ||
| 049 | _aMAIN | ||
| 090 |
_aQA76.76.T48 _bBUN |
||
| 100 | 1 | _aBurnstein, Ilene. | |
| 245 | 1 | 0 |
_aPractical software testing : _ba process oriented approach / _cIlene Burnstein. |
| 260 |
_aChicago : _bSpringer, _c2003. |
||
| 300 |
_axxi, 709 p. : _bill. ; _c24 cm. |
||
| 500 | _aIncludes index. | ||
| 504 | _aIncludes bibliographical references. | ||
| 650 | 1 |
_aComputer software _xTesting. |
|
| 907 |
_a.b10279076 _b14-07-10 _c18-06-10 |
||
| 003 | |||
| 005 | 20230123125027.0 | ||
| 040 | _cNUST | ||
| 942 |
_cBOOKS _kQA76.76.T48 _mBUN |
||
| 999 |
_c134420 _d134420 |
||